000 01517nam0a22003131 4500
001 rc\4291887
005 20200928134905.0
021 _aRU
_bРг4666-59
035 _a(NLR Aleph) 008252968
090 _a8347886
_c8347886
100 _a20130416d1959 |||y0rusy50 ca
101 0 _arus
102 _aRU
105 _ay c |||||
200 1 _aМетодические указания по курсу "Экономическая география"
_eДля студентов I курса всех фак. на 1959/60 учеб. год
_fМ-во высш. образ. СССР. Всесоюз. заоч. фин.-экон. ин-т
210 _aМосква
_cБ. и.
_d1959
215 _a45 с.
_d21
300 _aВ вып. дан. сост.: канд. экон. наук, доц. Ю.Г. Будавей, канд. геогр. наук, доц. М.С. Минускин, канд. геогр. наук, И.Е. Рабинович
320 _aБиблиогр.: с. 43-44
700 1 _aБудавей
_bЮ. Г.
_gЮрий Григорьевич
_4220
701 1 _aРабинович
_bИ. Е.
_cканд. геогр. наук
_gИсаак Евгеньевич
_3RU\NLR\AUTH\770221195
_4220
701 1 _aМинускин
_bМ. С.
_gМихаил Семенович
_4220
712 0 2 _aВсесоюзный заочный финансовый институт
_3RU\NLR\AUTH\8815004
801 0 _aRU
_bNLR
_gpsbo
801 1 _aRU
_bELAR
_2rusmarc
852 _aNLR
_j59-4/15080
942 _cBOOK
980 _aNB